Evaluation of the new economic programme in rural Rajasthan : A case study of Ba (Record no. 13834)
[ view plain ]
| 000 -LEADER | |
|---|---|
| fixed length control field | 00319nam a2200121Ia 4500 |
| 082 ## - DEWEY DECIMAL CLASSIFICATION NUMBER | |
| Classification number | RG.0051 |
| 100 ## - MAIN ENTRY--AUTHOR NAME | |
| Personal name | Gaggar, P.R. |
| 245 #0 - TITLE STATEMENT | |
| Title | Evaluation of the new economic programme in rural Rajasthan : A case study of Ba |
| 260 ## - PUBLICATION, DISTRIBUTION, ETC. (IMPRINT) | |
| Year of publication | 1979 |
| 300 ## - PHYSICAL DESCRIPTION | |
| Number of Pages | 67p. |
| 942 ## - ADDED ENTRY ELEMENTS (KOHA) | |
| Koha item type | Books |
| Withdrawn status | Lost status | Damaged status | Not for loan | Home library | Current library | Date acquired | Full call number | Accession Number | Price effective from | Koha item type | Bill Date |
|---|---|---|---|---|---|---|---|---|---|---|---|
| NASSDOC Library | NASSDOC Library | 08/10/2004 | RG.0051 | 12803 | 18/04/2019 | Books | |||||
| NASSDOC Library | NASSDOC Library | 08/10/2004 | RG.0051-1 | 20262 | 18/04/2019 | Books | 2004-10-22 |
